Gothic forms of feminine fictions / (Record no. 26915)
[ view plain ]
| 000 -LEADER | |
|---|---|
| fixed length control field | 02195cam a22003735i 4500 |
| 001 - CONTROL NUMBER | |
| control field | 11971708 |
| 003 - CONTROL NUMBER IDENTIFIER | |
| control field | EG-ScBUE |
| 005 - DATE AND TIME OF LATEST TRANSACTION | |
| control field | 20201129125957.0 |
| 008 - FIXED-LENGTH DATA ELEMENTS--GENERAL INFORMATION | |
| fixed length control field | 000412t19991999enka f b 001 0 eng d |
| 020 ## - INTERNATIONAL STANDARD BOOK NUMBER | |
| International Standard Book Number | 0719053315 (pbk.) |
| 020 ## - INTERNATIONAL STANDARD BOOK NUMBER | |
| International Standard Book Number | 9780719053313 |
| 040 ## - CATALOGING SOURCE | |
| Original cataloging agency | DLC |
| Language of cataloging | eng |
| Description conventions | rda |
| Transcribing agency | DLC |
| Modifying agency | DLC |
| -- | EG-ScBUE |
| 043 ## - GEOGRAPHIC AREA CODE | |
| Geographic area code | n-cn--- |
| 082 04 - DEWEY DECIMAL CLASSIFICATION NUMBER | |
| Classification number | 813.08729099287 |
| Item number | BEC |
| Edition number | 22 |
| 100 1# - MAIN ENTRY--PERSONAL NAME | |
| Personal name | Becker, Susanne, |
| Relator term | author. |
| 245 10 - TITLE STATEMENT | |
| Title | Gothic forms of feminine fictions / |
| Statement of responsibility, etc | Susanne Becker. |
| 264 #1 - PUBLICATION, DISTRIBUTION, ETC. (IMPRINT) | |
| Place of publication, distribution, etc | Manchester, UK ; |
| -- | New York : |
| Name of publisher, distributor, etc | Manchester University Press, |
| Date of publication, distribution, etc | 1999. |
| 300 ## - PHYSICAL DESCRIPTION | |
| Extent | x, 335 pages : |
| Other physical details | illustrations ; |
| Dimensions | 23 cm |
| 336 ## - CONTENT TYPE | |
| Content type term | text |
| Content type code | txt |
| Source | rdacontent |
| 337 ## - MEDIA TYPE | |
| Media type term | unmediated |
| Media type code | n |
| Source | rdamedia |
| 338 ## - CARRIER TYPE | |
| Carrier type term | volume |
| Carrier type code | nc |
| Source | rdacarrier |
| 504 ## - BIBLIOGRAPHY, ETC. NOTE | |
| Bibliography, etc | Includes bibliographical references and index. |
| 505 0# - FORMATTED CONTENTS NOTE | |
| Title | pt. I. Gothic forms -- <br/>feminine texts --<br/>Ch. 1. Gothic contextualisation --<br/>Ch. 2. Gothic texture --<br/>Ch. 3. Gothic intertextuality -- |
| -- | pt. II. Neo-gothicism: from houses of fiction to textures of dress --<br/>Ch. 4. Exploring gothic contextualisation: Alice Munro and Lives of Girls and Women --<br/>Ch. 5. Exceeding even gothic texture: Margaret Atwood and Lady Oracle --<br/>Ch. 6. Stripping the gothic: Aritha van Herk and No Fixed Address --<br/> |
| -- | pt. III. Gothic times again: Two hundred years after Radcliffe --<br/>Ch. 7. The neo-gothic experience --<br/>Ch. 8. Exceeding postmodernism --<br/>Ch. 9. Global escapes: nineties' gothica.<br/> |
| 520 ## - SUMMARY, ETC. | |
| Summary, etc | Gothic forms of feminine fictions is a study of the powers of the Gothic in late twentieth-century fiction and film. Susanne Becker argues that the Gothic, two hundred years after it emerged, exhibits renewed vitality in our media age with its obsession for stimulation and excitement. |
| 650 #7 - SUBJECT ADDED ENTRY--TOPICAL TERM | |
| Topical term or geographic name as entry element | Canadian fiction |
| General subdivision | Women authors |
| -- | History and criticism. |
| Source of heading or term | BUEsh |
| 650 #7 - SUBJECT ADDED ENTRY--TOPICAL TERM | |
| Topical term or geographic name as entry element | Women and literature |
| Geographic subdivision | Canada |
| General subdivision | History |
| Chronological subdivision | 20th century. |
| Source of heading or term | BUEsh |
| 650 #7 - SUBJECT ADDED ENTRY--TOPICAL TERM | |
| Topical term or geographic name as entry element | Horror tales, Canadian |
| General subdivision | History and criticism. |
| Source of heading or term | BUEsh |
| 650 #7 - SUBJECT ADDED ENTRY--TOPICAL TERM | |
| Topical term or geographic name as entry element | Gothic revival (Literature) |
| Geographic subdivision | Canada. |
| Source of heading or term | BUEsh |
| 650 #7 - SUBJECT ADDED ENTRY--TOPICAL TERM | |
| Topical term or geographic name as entry element | Women in literature. |
| Source of heading or term | BUEsh |
| 651 ## - SUBJECT ADDED ENTRY--GEOGRAPHIC NAME | |
| Source of heading or term | BUEsh |
| 653 ## - INDEX TERM--UNCONTROLLED | |
| Resource For college | Humanities: English |
| Arrived date list | October2018 |
| -- | November2020 |
| 655 ## - INDEX TERM--GENRE/FORM | |
| Form subdivision | Reading book |
| 9 (RLIN) | 34232 |
| 942 ## - ADDED ENTRY ELEMENTS (KOHA) | |
| Source of classification or shelving scheme | Dewey Decimal Classification |
| Koha item type | Book - Borrowing |
| Withdrawn status | Lost status | Source of classification or shelving scheme | Damaged status | Not for loan | Collection code | Home library | Current library | Shelving location | Date acquired | Source of acquisition | Cost, normal purchase price | Total Checkouts | Full call number | Barcode | Date last seen | Koha item type | Total Renewals | Date checked out | Price effective from |
|---|---|---|---|---|---|---|---|---|---|---|---|---|---|---|---|---|---|---|---|
| Dewey Decimal Classification | Baccah | Central Library | Central Library | Second Floor | 30/10/2018 | Purchase | 390.00 | 813.08729099287 BEC | 000043708 | 15/07/2025 | NB - Book (Non borrowing) | ||||||||
| Dewey Decimal Classification | Baccah | Central Library | Central Library | Second Floor | 30/10/2018 | Purchase | 1 | 813.08729099287 BEC | 000043709 | 15/07/2025 | Book - Borrowing | 1 | 25/06/2019 | 30/10/2018 | |||||
| Dewey Decimal Classification | Baccah | Central Library | Central Library | Second Floor | 30/10/2018 | Purchase | 813.08729099287 BEC | 000043710 | 15/07/2025 | Book - Borrowing | 30/10/2018 |